000 01251cam a22003494a 4500
001 12205640
003 PILC
005 20160109095709.0
008 001019s2001 waua 001 0 eng
010 _a 00052095
020 _a0735611874
040 _aDLC
_cDLC
_dDLC
042 _apcc
050 0 0 _aTK 5105.888
_b.M653 2001
082 0 0 _aCS 005.72
_bM62 2001
100 1 _aMillhollon, Mary.
245 1 0 _aEasy web page creation
_cMary Millhollon, with Jeff Castrina.
260 _aRedmond, Wash. :
_bMicrosoft,
_cc2001.
300 _axvii, 382 p. :
_bill. (some col.) ;
_c24 cm.
500 _aIncludes index.
520 _a1. Web sites - - design. 2. Web Publishing. 3. Microsoft Frontpage.
562 _e1
630 0 0 _aMicrosoft FrontPage.
650 0 _aWeb sites
_xDesign.
650 0 _aWeb publishing.
700 1 _aCastrina, Jeff.
856 4 2 _3Publisher description
_uhttp://www.loc.gov/catdir/enhancements/fy1004/00052095-d.html
906 _a7
_bcbc
_corignew
_d1
_eocip
_f20
_gy-gencatlg
942 _2lcc
_cBK
999 _c134
_d134